000 01469cam a2200169 4500500
005 20260208003720.0
041 _afre
042 _adc
100 1 0 _aCrépon, Marc
_eauthor
245 0 0 _aL'éternel retour et la pensée de la mort
260 _c2005.
500 _a11
520 _aDans « L’éternel retour et la pensée de la mort », la pensée nietzschéenne de la mort est interrogée dans l’horizon de sa promesse. Il s’agit de mettre en évidence comment la « prophétie » de l’éternel retour, si elle existe, n’est rien d’autre que l’annonce d’un autre rapport à la mort – d’une autre façon, plus qu’humaine, d’affronter simultanément l’expérience de la finitude et l’épreuve du deuil.
520 _aIn der folgenden Ueberlegung über « Ewige Wiederkiehr und Denken über den Tod » wird die Gesinnung Nietzsche’s über Tod in der Perspektive seines Versprechens. Es handelt sich dabei auszulegen, dass die « Prophezeiung » der ewigen Wiederkehr, wenn sie besteht, nichts anderes ist, als die Verkündung eines anderen Verhältnisses zum Tode nach einer mehr als menschlichen, verschiedenen Weise, welche erlaubt, sich dem Erlebnis der Endlichkeit und der Probe des Trauerns zugleich zu stellen.
786 0 _nLes Études philosophiques | 73 | 2 | 2005-06-01 | p. 193-202 | 0014-2166
856 4 1 _uhttps://shs.cairn.info/revue-les-etudes-philosophiques-2005-2-page-193?lang=fr&redirect-ssocas=7080
999 _c1648625
_d1648625